01132cam a2200265 a 450000100090000000300050000900500170001400800410003101000170007202000420008902000380013102000260016904000180019504200080021305000190022108200160024010000180025624500670027426000440034130000240038550503770040965000360078665000230082265000210084516628286NUST20221220124711.0110128s2011 enk b 001 0 eng  a 2011002340 a9780415492393 (hardback : alk. paper) a9780415492409 (pbk. : alk. paper) a9780203808160 (ebook) aDLCcDLCdDLC apcc00aU22b.F76 2011 a172.42, FRO1 aFrowe, Helen.14aThe ethics of war and peace :ban introduction /cHelen Frowe. aLondon ;aNew York :bRoutledge,c2011. ax, 244 p. ;c24 cm. aSelf-defence (Page-9), War and self-defence (Page-29), The conditions of jus ad bellum (Page-50), Just wars? (Page-72), The conditions of jus in bello (Page-95), The moral status of combatants (Page-118), Non-combatants in war (Page-140), Terrorists, torture and just terrorism (Page-168), Terrorists, torture and just war theory (Page-190), Just psot bellum (Page-208).  0aWarxMoral and ethical aspects. 0aJust war doctrine. 0aMilitary ethics.